00927naa#a2200181#i#4500001001600000005001700016011001400033100004100047102000700088200026400095210013000359215001100489608004500500700005200545700006000597700006200657856002600719RU\\bibl\12488120260604061851.4##a2221-3260##a20260331b2026####ek#y0rusy0150####ca##aRU1#aИнституциональный подход к обеспечению устойчивости инновационных корпоративных структур в электроэнергетике регионовeЖурнальная статья1#aЯрославльcЯрославский государственный технический университетd2026##a12 с.##aЖурнальная статья2local#1aКоречковgЮрий Викторович#1aКвашаgВладимир Александрович#1aСироткинgСергей Александрович4#atheoreticaleconomy.ru